Sports Quiz

Random Sports or Football Quiz

Super Bowl Runner-Ups Quiz Stats

Quiz not verified by Sporcle

Challenge
Share
Tweet
Embed
Score 0/44 Timer 10:00
0 Plays Today
% Correct
Oakland Raiders
97.9%
New York Giants
97.9%
Oakland Raiders
97.9%
Indianapolis Colts
97.9%
New England Patriots
95.8%
Kansas City Chiefs
95.8%
Dallas Cowboys
95.8%
Dallas Cowboys
95.8%
Denver Broncos
95.8%
Dallas Cowboys
95.8%
Philadelphia Eagles
95.8%
Denver Broncos
95.8%
Denver Broncos
95.8%
Denver Broncos
95.8%
San Diego Chargers
95.8%
New England Patriots
95.8%
Green Bay Packers
95.8%
Atlanta Falcons
95.8%
Carolina Panthers
95.8%
Philadelphia Eagles
95.8%
Chicago Bears
95.8%
New England Patriots
95.8%
% Correct
Arizona Cardinals
95.8%
Minnesota Vikings
93.8%
Minnesota Vikings
93.8%
Minnesota Vikings
93.8%
Minnesota Vikings
93.8%
Cincinnati Bengals
93.8%
Cincinnati Bengals
93.8%
Buffalo Bills
93.8%
Buffalo Bills
93.8%
Buffalo Bills
93.8%
Buffalo Bills
93.8%
Pittsburgh Steelers
93.8%
Tennessee Titans
93.8%
Washington Redskins
91.7%
Washington Redskins
91.7%
Miami Dolphins
89.6%
Miami Dolphins
89.6%
Miami Dolphins
89.6%
St. Louis Rams
89.6%
Seattle Seahawks
89.6%
Baltimore Colts
87.5%
Los Angeles Rams
79.2%

You're not logged in!

Compare scores with friends on all Sporcle quizzes.
Join for Free
OR
Log In

You Might Also Like...

Show Comments

Extras

Top Quizzes Today


Score Distribution

Your Account Isn't Verified!

In order to create a playlist on Sporcle, you need to verify the email address you used during registration. Go to your Sporcle Settings to finish the process.

Report this User

Report this user for behavior that violates our Community Guidelines.

Details: